00566nam a22001457a 4500003000400000005001700004008004100021040001400062100003600076245010600112260001000218300003200228500012800260504003200388OSt20171010095534.0121008t xxu||||| |||| 00| 0 eng d aMMSUcULS aAntasuda, Euclid L. II, et al.  aPerformance evaluation of home automation device using the internet c Euclid L. Antasuda II, et al.  c2008  axii, [170] leaves c28 cm.  aThesis (BS Electronics & Communications Engineering) -- Mariano Marcos State University, College of Engineering, Batac City aBibliography: leaves 46-47